| 000 | 00716nam a2200229Ia 4500 | ||
|---|---|---|---|
| 005 | 20260601193229.0 | ||
| 008 | 260601s9999||||xx |||||||||||||| ||und|| | ||
| 020 |
_a978-3-031-51643-6 _qebk |
||
| 100 | _aRichard Chbeir | ||
| 245 | 0 | _aManagement of Digital EcoSystems | |
| 250 | _a1st ed. 2024 | ||
| 260 |
_aHeidelberg, Germany _bSpringer Nature _c2024 |
||
| 440 | _aCommunications in Computer and Information Science | ||
| 650 | _aComputer Science | ||
| 700 | _aDjamal Benslimane | ||
| 700 | _aJoe Tekli | ||
| 700 | _aMichalis Zervakis | ||
| 700 | _aNgoc Thanh Ngyuen | ||
| 700 | _aYannis Manolopoulos | ||
| 856 | _uhttps://link.springer.com/openurl?genre=book&isbn=978-3-031-51643-6 | ||
| 942 |
_cEB _2ddc |
||
| 999 |
_c56026 _d56026 |
||